banner-ar

مجتمع الفرحة: الانسان المعاصر فى مجتمع الاستعراضى / (Record no. 37701)

MARC details
000 -الفاتح
حقل البيانات ثابتة الطول 00717nam a2200229Ia 4500
008 - عناصر البيانات ثابتة الطول - معلومات عامة
حقل البيانات ثابتة الطول 140319s9999 xx 000 0 ara d
040 ## - مصدر الفهرسة
وكالة الفهرسة الأصلية GCL /
وكالة النسخ GCL
082 04 - رقم تصنيف ديوى العشرى
رقم التصنيف 190
رقم المادة د م
100 1# - المدخل الرئيسى - إسم شخصى
الإسم الشخصى ديبور، جى
245 10 - بيان العنوان
العنوان مجتمع الفرحة: الانسان المعاصر فى مجتمع الاستعراضى /
بيان المسئوليه,etc ديبور، جى
700 1# - المدخل الاضافى - اسم شخصى
الإسم الشخصى احمد حسان
300 ## - الوصف المادى
التعداد 97 ص
490 ## - بيان السلسلة
عنوان السلسلة دراسات ثقافية اجنبية
رقم المجلد/ التعيين التسلسلي 0
650 04 - المدخل الاضافى بالموضوع-مصطلح موضوعى
مصطلح موضوعي الاقتصاد
650 04 - المدخل الاضافى بالموضوع-مصطلح موضوعى
مصطلح موضوعي الثقافة
650 04 - المدخل الاضافى بالموضوع-مصطلح موضوعى
مصطلح موضوعي الفلسفة الغربية
650 04 - المدخل الاضافى بالموضوع-مصطلح موضوعى
مصطلح موضوعي الراسمالية
650 04 - المدخل الاضافى بالموضوع-مصطلح موضوعى
مصطلح موضوعي البروليتاريا
650 04 - المدخل الاضافى بالموضوع-مصطلح موضوعى
مصطلح موضوعي الاقتصاد - نظريات
942 ## - عناصر المدخل الإضافي( كوها)
مصدر التصنيف او مخطط الترفيف Dewey Decimal Classification
Koha [default] item type كتاب
Holdings
حالة التراجع حالة الفقد حالة تلف ليس للاعارة المكان المؤقت الموقع الحالى تاريخ الاكتساب اجمالي اﻻعارات رقم الطلب الباركود تاريخ اخر مشاهدة تاريخ تفعيل السعر نوع وعاء كوها
        مكتبة القاهرة الكبرى مكتبة القاهرة الكبرى 03/26/2014   190\د م 92058 03/26/2014 03/26/2014 كتاب
        مكتبة القاهرة الكبرى مكتبة القاهرة الكبرى 03/26/2014   190\د م 92059 03/26/2014 03/26/2014 كتاب
        مكتبة القاهرة الكبرى مكتبة القاهرة الكبرى 03/26/2014   190\د م 92060 03/26/2014 03/26/2014 كتاب

Powered By

EGPV